000
00250 a2200097 4500
001
13151
100
_a
Montoya, P
245
_a
Art of strategic Management : Strategic Personal Branding
260
_a
_b
JAICO Publishing House
_c
090
_c
10154
_d
10154
942
_a
NUST-CAE
_c
M
_c
175
999
_c
248224
_d
248224